000 00671nam a22001815i 4500
001 161312
003 ES-MaACL
005 20230906212243.0
008 041018m18831885it |||| | ita d
040 _aCAM
_bspa
_cCAM
100 1 _aPalma, Luigi.
_9130800
245 1 0 _aCorso di Diritto Costituzionale /
_cdi Luigi Palma.
250 _a3ª ed. riv. e aum.
260 _aFirenze :
_bGiuseppe Pellas,
_c1833-1885.
300 _a3 v. (389; 624; 395 p.) ;
_c22 cm.
505 8 _aContiene: Volumen I: Introduzione. Volumen II: Dell'Ordinamento dei Poteri Pubblici. Volumen III: Dell'Ordinamento delle Libertà
852 _aES-MaACL
_jF-11110-12
_z-- Enc. pasta española
999 _c161312
_d161312